[Event "SWE-chT 2324 Elite"]
[Site "Sweden"]
[Date "2023.10.14"]
[Round "2.4"]
[White "Helgason, Reynir"]
[Black "Anderzen, Robert"]
[Result "0-1"]
[WhiteElo "2280"]
[BlackElo "2110"]
[PlyCount "78"]
[EventDate "2023.10.13"]
[EventType "team-tourn"]
[EventRounds "9"]
[EventCountry "SWE"]
[SourceTitle "Mega2024 Update 01"]
[Source "Chessbase"]
[SourceDate "2023.11.12"]
[SourceVersion "1"]
[SourceVersionDate "2023.11.12"]
[SourceQuality "1"]
[WhiteTeam "Limhamn"]
[BlackTeam "Orgryte"]
[WhiteTeamCountry "SWE"]
[BlackTeamCountry "SWE"]

1. d4 Nf6 2. Nc3 d5 3. Bf4 c6 4. e3 Bf5 5. f3 h6 6. g4 Bh7 7. Bd3 e6 8. Bxh7 Rxh7 9. h4 Bb4 10. Nge2 Nbd7 11. Qd3 Qe7 12. a3 Ba5 13. 0-0-0 Rh8 14. Ng3 0-0-0 15. g5 Ne8 16. e4 hxg5 17. hxg5 Rxh1 18. Rxh1 dxe4 19. fxe4 Bc7 20. Bd2 Ne5 21. Qf1 Rxd4 22. Be3 Rd8 23. Kb1 Kb8 24. Rh7 Ng6 25. Nh5 Be5 26. Ne2 Nd6 27. Qg1 b6 28. Nd4 Kb7 29. Nf3 Bxb2 30. Qf1 Nb5 31. Bc1 Bxc1 32. Qxc1 Rd1 33. Qxd1 Nc3+ 34. Kc1 Qxa3+ 35. Kd2 Nxd1 36. Ne1 Nf2 37. Rxg7 Nxe4+ 38. Kd1 Qe3 39. Rxf7+ Ka6 0-1

[Event "SWE-chT 2122 Elite"]
[Site "Sweden"]
[Date "2022.05.15"]
[Round "9.1"]
[White "Helgason, Reynir"]
[Black "Wedberg, Tom"]
[Result "1/2-1/2"]
[WhiteElo "2283"]
[BlackElo "2406"]
[PlyCount "150"]
[EventDate "2021.12.03"]
[EventType "team-tourn"]
[EventRounds "9"]
[EventCountry "SWE"]
[SourceTitle "EXT 2023"]
[Source "ChessBase"]
[SourceDate "2022.10.05"]
[SourceVersion "1"]
[SourceVersionDate "2022.10.05"]
[SourceQuality "1"]
[WhiteTeam "Limhamn"]
[BlackTeam "Wasa"]
[WhiteTeamCountry "SWE"]
[BlackTeamCountry "SWE"]

1. d4 Nf6 2. Bf4 d5 3. e3 c5 4. c3 Nc6 5. Nd2 e6 6. Ngf3 Bd6 7. Bg3 0-0 8. Bd3 b6 9. Qe2 Qc7 10. Rd1 e5 11. dxc5 bxc5 12. e4 d4 13. 0-0 Nh5 14. cxd4 Nxd4 15. Nxd4 Nxg3 16. hxg3 cxd4 17. Rc1 Qe7 18. Rc2 Be6 19. Rfc1 Rfc8 20. Bc4 Bxc4 21. Rxc4 Qb7 22. Rxc8+ Rxc8 23. Rxc8+ Qxc8 24. Qc4 Qb7 25. Qd5 Qxd5 26. exd5 Kf8 27. g4 f6 28. Kf1 d3 29. Nc4 Ke7 30. Ke1 g6 31. f3 f5 32. gxf5 gxf5 33. Kd2 e4 34. fxe4 fxe4 35. Ke3 Bb4 36. a3 Be1 37. Kxe4 d2 38. Ne3 Kd6 39. b4 a6 40. Nd1 Bh4 41. a4 Be7 42. Kd4 Bg5 43. Kc4 Be7 44. Nc3 Kd7 45. b5 Bf6 46. Nd1 axb5+ 47. Kxb5 Kd6 48. Kc4 Bd8 49. Kd3 Kxd5 50. Nc3+ Kc5 51. Kxd2 Kb4 52. Kd3 Kb3 53. g4 Kb4 54. Ne4 Kxa4 55. Kc4 Bh4 56. Nc5+ Ka5 57. Nd7 Bd8 58. Nf8 h6 59. Nd7 Bg5 60. Kc5 Ka4 61. Ne5 Kb3 62. Nf7 Bc1 63. Kd4 Kc2 64. Ke4 Kd1 65. Kf3 Ke1 66. Nd6 Kf1 67. Ne4 Kg1 68. Kg3 Be3 69. Nc3 Bg5 70. Ne2+ Kf1 71. Nd4 Be3 72. Nf3 Ke2 73. Ne5 Bg5 74. Nf7 Ke3 75. Nxh6 Ke4 1/2-1/2

[Event "SWE-chT 1718 Elite"]
[Site "Sweden"]
[Date "2017.10.21"]
[Round "2.4"]
[White "Helgason, Reynir"]
[Black "Engqvist, Thomas"]
[Result "1-0"]
[WhiteElo "2294"]
[BlackElo "2352"]
[PlyCount "151"]
[EventDate "2017.10.20"]
[EventType "team-tourn"]
[EventRounds "9"]
[EventCountry "SWE"]
[SourceTitle "CBM 181 Extra"]
[Source "ChessBase"]
[SourceDate "2017.12.12"]
[SourceVersion "1"]
[SourceVersionDate "2017.12.12"]
[SourceQuality "1"]
[WhiteTeam "Limhamn"]
[BlackTeam "Stockholm Rockaden"]
[WhiteTeamCountry "SWE"]
[BlackTeamCountry "SWE"]

1. d4 Nf6 2. c4 e6 3. Nc3 Bb4 4. Bg5 h6 5. Bh4 c5 6. d5 b5 7. cxb5 a6 8. a3 Bxc3+ 9. bxc3 axb5 10. dxe6 fxe6 11. e3 0-0 12. Bxb5 Qa5 13. Bxf6 Qxb5 14. Be7 Ba6 15. Ne2 Rf7 16. Bd6 Nc6 17. Ra2 Na5 18. f3 Nc4 19. Kf2 e5 20. Qd5 Rc8 21. Ng3 Bb7 22. Qd1 Rf6 23. Rd2 Nxd2 24. Qxd2 Re8 25. Qa2+ Kh8 26. Rb1 Qc6 27. Bxc5 Qxc5 28. Rxb7 Qc6 29. Qb2 Rff8 30. Rb6 Qd5 31. Rb5 Qd3 32. e4 Rc8 33. Rd5 Qc4 34. Rxe5 Rb8 35. Qd2 Rb1 36. Ne2 Rfb8 37. Qxd7 R1b2 38. Qd1 Qxc3 39. Rd5 Qc7 40. h3 Qb6+ 41. Qd4 Qa6 42. Qd3 Qf6 43. Kg3 Qe7 44. Nf4 Kg8 45. h4 Rb1 46. e5 Qc7 47. Ng6 R1b2 48. Rd7 Qb6 49. Nf4 Qf2+ 50. Kg4 Qb6 51. Qd5+ Kh8 52. h5 Qe3 53. e6 R2b5 54. Rd8+ Kh7 55. Qd3+ Qxd3 56. Rxd3 Rg5+ 57. Kh4 Re5 58. g4 Ra8 59. Kg3 Kg8 60. Nd5 Kf8 61. e7+ Rxe7 62. Nxe7 Kxe7 63. Kf4 Ra4+ 64. Kf5 Ra5+ 65. Ke4 Ke6 66. Kd4 Ra4+ 67. Kc5 Ke5 68. Kb5 Rf4 69. a4 g6 70. hxg6 Rf6 71. g7 Rg6 72. Rd7 Kf4 73. Rf7+ Ke5 74. a5 Ke6 75. Rc7 Kd5 76. a6 1-0

[Event "SWE-chT 1415 Elite"]
[Site "Sweden"]
[Date "2015.03.21"]
[Round "8.2"]
[White "Helgason, Reynir"]
[Black "Landgren, Andreas"]
[Result "1-0"]
[WhiteElo "2327"]
[BlackElo "2241"]
[PlyCount "101"]
[EventDate "2014.11.21"]
[EventType "team-tourn"]
[EventRounds "9"]
[EventCountry "SWE"]
[SourceTitle "EXT 2016"]
[Source "ChessBase"]
[SourceDate "2015.10.08"]
[SourceVersion "1"]
[SourceVersionDate "2015.10.08"]
[SourceQuality "1"]
[WhiteTeam "Limhamn"]
[BlackTeam "Solna"]
[WhiteTeamCountry "SWE"]
[BlackTeamCountry "SWE"]

1. d4 d5 2. c4 e6 3. Nc3 c6 4. e4 dxe4 5. Nxe4 Bb4+ 6. Bd2 Qxd4 7. Bxb4 Qxe4+ 8. Be2 Na6 9. Bd6 b6 10. Qa4 Bb7 11. 0-0-0 Ne7 12. Bf3 Qf5 13. Ne2 Nc5 14. Qa3 Nc8 15. Bxc5 bxc5 16. Qe3 0-0 17. Ng3 Qf6 18. Ne4 Qe7 19. Nxc5 Nb6 20. b3 Rad8 21. a4 Ba8 22. Rxd8 Rxd8 23. Rd1 Rxd1+ 24. Bxd1 Nd7 25. Nxd7 Qxd7 26. Qc5 g6 27. f4 Qc7 28. g3 Qb6 29. Qxb6 axb6 30. Bf3 Kf8 31. b4 Ke7 32. Kd2 Bb7 33. Kc3 Kd6 34. a5 bxa5 35. c5+ Kc7 36. bxa5 Ba6 37. Kd4 f6 38. g4 Bf1 39. h4 Kb7 40. g5 fxg5 41. fxg5 Bb5 42. Be4 Ba4 43. Ke5 Bb3 44. h5 gxh5 45. Bxh7 h4 46. Be4 Bd5 47. g6 h3 48. g7 Bxe4 49. g8Q h2 50. Qf7+ Ka6 51. Qf1+ 1-0

[Event "SWE-chT 1415 Elite"]
[Site "Sweden"]
[Date "2015.03.20"]
[Round "7.2"]
[White "Wieweg, Johnny"]
[Black "Helgason, Reynir"]
[Result "0-1"]
[WhiteElo "2167"]
[BlackElo "2327"]
[PlyCount "98"]
[EventDate "2014.11.21"]
[EventType "team-tourn"]
[EventRounds "9"]
[EventCountry "SWE"]
[SourceTitle "EXT 2016"]
[Source "ChessBase"]
[SourceDate "2015.10.08"]
[SourceVersion "1"]
[SourceVersionDate "2015.10.08"]
[SourceQuality "1"]
[WhiteTeam "Farsta"]
[BlackTeam "Limhamn"]
[WhiteTeamCountry "SWE"]
[BlackTeamCountry "SWE"]

1. e4 c6 2. d4 d5 3. f3 e6 4. Nc3 Bb4 5. Nge2 Nf6 6. a3 Ba5 7. e5 Nfd7 8. f4 0-0 9. g3 b5 10. Bg2 b4 11. axb4 Bxb4 12. 0-0 f5 13. Na4 a5 14. Be3 Be7 15. b3 Ba6 16. Qd2 Ra7 17. Rfc1 Rb7 18. Bf1 Bb4 19. c3 Be7 20. Qa2 Qc7 21. c4 Bb4 22. Nec3 Qd8 23. Qf2 Qe7 24. Be2 Rd8 25. Qf1 Ra7 26. Rc2 Nf8 27. Na2 Ba3 28. Nc1 Bb4 29. Nd3 Nfd7 30. cxd5 cxd5 31. Ndc5 Bxe2 32. Qxe2 Nxc5 33. Nxc5 Rc8 34. Qb5 Na6 35. Rac1 Bxc5 36. dxc5 Nb4 37. c6 Nxc2 38. Rxc2 Raa8 39. Bc5 Qe8 40. Bd6 Qh5 41. Kg2 Qd1 42. Qc5 Qb1 43. c7 Qxb3 44. Qf2 d4 45. Kh3 d3 46. Rb2 Qd5 47. Rb8 Raxb8 48. cxb8Q Rxb8 49. Bxb8 d2 0-1

[Event "SWE-chT 1213"]
[Site "Sweden"]
[Date "2013.03.17"]
[Round "9"]
[White "Helgason, Reynir"]
[Black "Eriksson, Jorgen"]
[Result "1/2-1/2"]
[WhiteElo "2332"]
[BlackElo "2213"]
[PlyCount "96"]
[EventDate "2012.10.05"]
[EventType "team-tourn"]
[EventRounds "9"]
[EventCountry "SWE"]
[SourceTitle "EXT 2014"]
[Source "ChessBase"]
[SourceDate "2013.11.20"]
[SourceVersion "1"]
[SourceVersionDate "2013.11.20"]
[SourceQuality "1"]
[WhiteTeam "Limhamn"]
[BlackTeam "Umea Rockaden"]
[WhiteTeamCountry "SWE"]
[BlackTeamCountry "SWE"]

1. d4 Nf6 2. c4 g6 3. Nc3 Bg7 4. e4 d6 5. h3 0-0 6. Nf3 e5 7. d5 Na6 8. Be3 Qe7 9. g4 Nc5 10. Nd2 a5 11. Be2 Bd7 12. h4 c6 13. g5 Ne8 14. h5 Nc7 15. Nb3 b6 16. Nxc5 bxc5 17. Bg4 cxd5 18. Bxd7 d4 19. Bc6 Rab8 20. Bc1 dxc3 21. bxc3 Ne6 22. Qg4 Nf4 23. hxg6 hxg6 24. Kf1 Qe6 25. Qxe6 fxe6 26. Bd7 Kf7 27. Bb5 Rh8 28. Rg1 Rh3 29. Be3 Bf8 30. Ke1 Ng2+ 31. Ke2 Nxe3 32. fxe3 Rh2+ 33. Kd3 Be7 34. Raf1+ Kg7 35. Rf3 Rhh8 36. Bd7 Rhf8 37. Rxf8 Rxf8 38. Bxe6 Rf2 39. a4 Bd8 40. Bd5 Be7 41. Be6 Rh2 42. Bc8 Ra2 43. Bd7 Bd8 44. Be8 Rf2 45. Rg3 Rh2 46. Bd7 Rh5 47. Bg4 Rh1 48. Bd7 Rh2 1/2-1/2

[Event "SWE-chT 0708"]
[Site "Sweden"]
[Date "2007.11.18"]
[Round "5"]
[White "Helgason, Reynir"]
[Black "Andreasson, Ingvar"]
[Result "1-0"]
[WhiteElo "2389"]
[BlackElo "2400"]
[PlyCount "79"]
[EventDate "2007.10.19"]
[EventType "team"]
[EventRounds "11"]
[EventCountry "SWE"]
[SourceTitle "EXT 2009"]
[Source "ChessBase"]
[SourceDate "2008.11.26"]
[SourceVersion "1"]
[SourceVersionDate "2008.11.26"]
[SourceQuality "1"]
[WhiteTeam "Limhamn"]
[BlackTeam "Kamraterna"]
[WhiteTeamCountry "SWE"]
[BlackTeamCountry "SWE"]

1. d4 d6 2. c4 Nf6 3. Nc3 g6 4. e4 Bg7 5. Be2 0-0 6. Nf3 e5 7. 0-0 Na6 8. Re1 Bg4 9. Be3 Qe7 10. c5 Bxf3 11. cxd6 cxd6 12. Bxf3 Rfc8 13. Bg5 h6 14. Nd5 Qd8 15. dxe5 dxe5 16. Nxf6+ Bxf6 17. Bxh6 Nb4 18. Bg4 Rc6 19. Bd7 Rc7 20. Ba4 Qe7 21. Re2 Rac8 22. Be3 Bg5 23. a3 Bxe3 24. fxe3 Nc6 25. Bb3 Kg7 26. Rf2 Qg5 27. Qf3 Na5 28. Bd5 Rc1+ 29. Rf1 Rxa1 30. Rxa1 Qe7 31. Rf1 f6 32. Qe2 b6 33. Rd1 Nb7 34. h3 Nd6 35. Qd2 Rd8 36. Qb4 Qc7 37. Bb3 a5 38. Qd2 Nb7 39. Bd5 g5 40. Rc1 1-0

[Event "EU-Cup 19th"]
[Site "Rethymno"]
[Date "2003.10.03"]
[Round "6.3"]
[White "Salmensuu, Olli"]
[Black "Helgason, Reynir"]
[Result "1/2-1/2"]
[WhiteElo "2410"]
[BlackElo "2336"]
[PlyCount "55"]
[EventDate "2003.09.28"]
[EventType "team-swiss"]
[EventRounds "7"]
[EventCountry "GRE"]
[SourceTitle "CBM 098"]
[Source "ChessBase"]
[SourceDate "2004.02.03"]
[SourceVersion "1"]
[SourceVersionDate "2004.02.03"]
[SourceQuality "1"]
[WhiteTeam "Jyvaskyla JyS"]
[BlackTeam "Malmo Linhams"]
[WhiteTeamCountry "FIN"]
[BlackTeamCountry "SWE"]

1. e4 c6 2. d4 d5 3. e5 Bf5 4. Nc3 e6 5. g4 Bg6 6. Nge2 Ne7 7. Nf4 c5 8. h4 cxd4 9. Nb5 Nec6 10. h5 Be4 11. f3 a6 12. Nd6+ Bxd6 13. exd6 g5 14. Nh3 h6 15. fxe4 dxe4 16. Bg2 f5 17. 0-0 0-0 18. gxf5 exf5 19. Bxe4 fxe4 20. Bxg5 Rxf1+ 21. Qxf1 hxg5 22. Qc4+ Kh8 23. Qe6 Qd7 24. Qh6+ Qh7 25. Qf8+ Qg8 26. Qh6+ Qh7 27. Qf8+ Qg8 28. Qh6+ 1/2-1/2

[Event "SWE-chT 0203"]
[Site "Sweden"]
[Date "2003.01.18"]
[Round "6"]
[White "Helgason, Reynir"]
[Black "Moberg, Karl Johan"]
[Result "1-0"]
[WhiteElo "2378"]
[BlackElo "2354"]
[PlyCount "111"]
[EventDate "2002.10.11"]
[EventType "team"]
[EventRounds "11"]
[EventCountry "SWE"]
[SourceTitle "EXT 2004"]
[Source "ChessBase"]
[SourceDate "2003.11.25"]
[SourceVersion "1"]
[SourceVersionDate "2003.11.25"]
[SourceQuality "1"]
[WhiteTeam "Limhamn"]
[BlackTeam "Manhem"]
[WhiteTeamCountry "SWE"]
[BlackTeamCountry "SWE"]

1. d4 Nf6 2. Nf3 g6 3. Bg5 Bg7 4. Nbd2 d5 5. c3 c6 6. Bxf6 Bxf6 7. e4 Qb6 8. Qb3 0-0 9. Bd3 Bg4 10. 0-0 Bxf3 11. Nxf3 dxe4 12. Bxe4 Nd7 13. Rfe1 Qxb3 14. axb3 e6 15. b4 a6 16. h4 Nb6 17. Re2 Ra7 18. Bd3 Rfa8 19. Ra5 Nc8 20. h5 Bd8 21. Ra1 Nd6 22. Re5 a5 23. hxg6 hxg6 24. bxa5 Rxa5 25. Rexa5 Rxa5 26. Rxa5 Bxa5 27. Ne5 Bd8 28. g3 Bg5 29. f4 Bd8 30. Kf2 g5 31. c4 gxf4 32. gxf4 f6 33. Ng4 Kf7 34. Ne3 Bc7 35. Kf3 Nc8 36. f5 Ne7 37. b4 exf5 38. Bxf5 Bd6 39. c5 Bc7 40. Ke4 b6 41. Bd7 bxc5 42. bxc5 Kg6 43. Nf5 Nxf5 44. Bxf5+ Kf7 45. Bd7 Bg3 46. Bxc6 Bf2 47. Kd5 Ke7 48. Kc4 f5 49. d5 Bg3 50. Kb5 Bb8 51. Kb6 f4 52. Bb5 f3 53. Kc6 Ba7 54. d6+ Kd8 55. Bf1 f2 56. Bh3 1-0

[Event "NED-chT 9900"]
[Site "Netherlands"]
[Date "2000.02.26"]
[Round "3"]
[White "Helgason, Reynir"]
[Black "Douven, Rudy C"]
[Result "1-0"]
[WhiteElo "2350"]
[BlackElo "2389"]
[PlyCount "79"]
[EventDate "2000.02.05"]
[EventType "team-tourn"]
[EventRounds "9"]
[EventCountry "NED"]
[SourceTitle "CBM 074 Extra"]
[Source "ChessBase"]
[SourceDate "2000.03.10"]
[SourceVersion "2"]
[SourceVersionDate "2000.03.10"]
[SourceQuality "1"]
[WhiteTeam "Utrecht"]
[BlackTeam "Hilversum HSG"]
[WhiteTeamCountry "NED"]
[BlackTeamCountry "NED"]

1. Nf3 Nf6 2. c4 e6 3. Nc3 Bb4 4. Qc2 0-0 5. a3 Bxc3 6. Qxc3 d6 7. b4 a5 8. Bb2 axb4 9. axb4 Rxa1+ 10. Bxa1 e5 11. d3 Bg4 12. e3 Nbd7 13. Be2 Qe7 14. h3 Bh5 15. 0-0 Ra8 16. g4 Bg6 17. Nh4 Nf8 18. Bf3 h5 19. Nf5 Qd7 20. Bxb7 Re8 21. Be4 hxg4 22. hxg4 Nxg4 23. Ng3 Bxe4 24. dxe4 Re6 25. Kg2 Rg6 26. f3 Nh6 27. Rh1 Qe7 28. Rh5 Ne6 29. c5 Qf6 30. Qe1 Rg5 31. cxd6 cxd6 32. b5 Nc5 33. Rxg5 Qxg5 34. f4 exf4 35. exf4 Qxf4 36. Bd4 Ng4 37. b6 Kh7 38. Qe2 Ne5 39. Be3 Qg4 40. Qxg4 1-0

[Event "SWE-chT 9900"]
[Site "Sweden"]
[Date "2000.??.??"]
[Round "11"]
[White "Helgason, Reynir"]
[Black "Winge, Stefan"]
[Result "1/2-1/2"]
[WhiteElo "2350"]
[BlackElo "2275"]
[PlyCount "53"]
[EventDate "1999.11.??"]
[EventType "team"]
[EventRounds "11"]
[EventCountry "SWE"]
[SourceTitle "EXT 2002"]
[Source "ChessBase"]
[SourceDate "2001.11.25"]
[SourceVersion "1"]
[SourceVersionDate "2001.11.25"]
[SourceQuality "1"]

1. d4 Nf6 2. Nf3 g6 3. g3 Bg7 4. Bg2 0-0 5. 0-0 d5 6. Nbd2 Na6 7. Ne5 c6 8. b3 Be6 9. Bb2 Nd7 10. e4 Nxe5 11. dxe5 Nc5 12. f4 dxe4 13. Nxe4 Nxe4 14. Bxe4 Qxd1 15. Raxd1 Rfd8 16. Kf2 f6 17. exf6 exf6 18. Bf3 Kf7 19. Bd4 Bd5 20. c4 Bxf3 21. Kxf3 f5 22. Be3 b6 23. b4 Bc3 24. a3 Ke7 25. Ke2 Rxd1 26. Rxd1 Rd8 27. Rxd8 1/2-1/2

[Event "SWE-chT 9900"]
[Site "Sweden"]
[Date "2000.??.??"]
[Round "9"]
[White "Karlsson, Lars"]
[Black "Helgason, Reynir"]
[Result "1-0"]
[WhiteElo "2470"]
[BlackElo "2350"]
[PlyCount "89"]
[EventDate "1999.11.??"]
[EventType "team"]
[EventRounds "11"]
[EventCountry "SWE"]
[SourceTitle "EXT 2002"]
[Source "ChessBase"]
[SourceDate "2001.11.25"]
[SourceVersion "1"]
[SourceVersionDate "2001.11.25"]
[SourceQuality "1"]

1. Nf3 Nf6 2. g3 b6 3. Bg2 Bb7 4. 0-0 c5 5. c4 g6 6. e3 Bg7 7. d4 cxd4 8. exd4 d5 9. Ne5 0-0 10. Nc3 e6 11. Bg5 h6 12. Bxf6 Bxf6 13. cxd5 exd5 14. Qb3 Nc6 15. Nxc6 Bxc6 16. Rfd1 Rc8 17. Bxd5 Bxd5 18. Nxd5 Bg7 19. Rd3 Re8 20. Rad1 h5 21. h4 Qd7 22. Nf4 Qg4 23. Kg2 Qf5 24. d5 Re4 25. Rf3 Qd7 26. d6 Kh7 27. Nh3 f6 28. Rc3 Rc5 29. Rxc5 bxc5 30. Qd5 Re5 31. Qd3 Bf8 32. Nf4 Rf5 33. f3 Bh6 34. Nxg6 Kxg6 35. g4 hxg4 36. fxg4 Qb7+ 37. Kg3 Bf4+ 38. Kh3 Kh6 39. gxf5 Qxb2 40. Qf3 Qh2+ 41. Kg4 Bxd6 42. Qe3+ Kh7 43. Rd2 Qe5 44. Qxe5 Bxe5 45. Rd7+ 1-0

[Event "BEL-chT 9900"]
[Site "Antwerp"]
[Date "1999.10.??"]
[Round "3"]
[White "Helgason, Reynir"]
[Black "Abolianin, Arthur"]
[Result "0-1"]
[WhiteElo "2350"]
[BlackElo "2252"]
[PlyCount "82"]
[EventDate "1999.10.08"]
[EventType "team"]
[EventRounds "11"]
[EventCountry "BEL"]
[SourceTitle "CBM 073 Extra"]
[Source "ChessBase"]
[SourceDate "2000.01.11"]
[SourceVersion "1"]
[SourceVersionDate "2000.01.11"]
[SourceQuality "1"]

1. d4 g6 2. Nf3 Bg7 3. g3 c5 4. c3 Qa5 5. Nbd2 cxd4 6. Nb3 Qb6 7. Nfxd4 Nf6 8. Bg2 0-0 9. e4 d6 10. h3 e5 11. Nc2 Be6 12. Nb4 a5 13. Be3 Qc7 14. Nd5 Bxd5 15. exd5 a4 16. Nd2 a3 17. Qc2 axb2 18. Qxb2 Nbd7 19. 0-0 Rfc8 20. Rfc1 Nc5 21. Bxc5 Qxc5 22. Qxb7 Rab8 23. Qa6 Rb2 24. Qd3 e4 25. Bxe4 Rxd2 26. Qxd2 Nxe4 27. Qe3 Nxc3 28. Qxc5 Rxc5 29. Kg2 Rxd5 30. a4 Rd2 31. a5 Bd4 32. Rf1 Nd5 33. Kf3 Bxa1 34. Rxa1 Rb2 35. Rd1 Rb3+ 36. Kg4 h5+ 37. Kh4 Rb5 38. a6 Ra5 39. a7 Ne7 40. g4 hxg4 41. hxg4 d5 0-1

[Event "NED-chT"]
[Site "Netherlands"]
[Date "1998.??.??"]
[Round "?"]
[White "Helgason, Reynir"]
[Black "Bosch, Jeroen"]
[Result "1/2-1/2"]
[WhiteElo "2345"]
[BlackElo "2460"]
[PlyCount "84"]
[EventDate "1998.??.??"]
[EventType "team"]
[EventRounds "9"]
[EventCountry "NED"]
[SourceTitle "EXT 2007"]
[Source "ChessBase"]
[SourceDate "2006.11.23"]
[SourceVersion "1"]
[SourceVersionDate "2006.11.23"]
[SourceQuality "1"]

1. d4 f5 2. g3 Nf6 3. Bg2 g6 4. c3 d6 5. Nh3 c6 6. Nf4 e5 7. dxe5 dxe5 8. Qxd8+ Kxd8 9. Nd3 Nbd7 10. Nd2 e4 11. Nf4 Ne5 12. Nb3 Bd6 13. Be3 Kc7 14. 0-0-0 Re8 15. h4 Nfg4 16. Bd4 e3 17. Bxe3 Nxe3 18. fxe3 Ng4 19. Rd4 Be5 20. Bf3 Bxd4 21. exd4 Nf2 22. Rg1 Ne4 23. Nd2 Nxd2 24. Kxd2 Be6 25. Nxe6+ Rxe6 26. g4 fxg4 27. Rxg4 Rf8 28. h5 Rg8 29. e4 g5 30. e5 h6 31. Be4 Re7 32. Ke3 Rf7 33. d5 cxd5 34. Bxd5 Rf4 35. Rxf4 gxf4+ 36. Kxf4 Rg5 37. Bf3 Kd7 38. c4 b6 39. b4 Rg1 40. Bd5 Rf1+ 41. Kg4 Ke7 42. a4 Rg1+ 1/2-1/2

[Event "NED-chT"]
[Site "Netherlands"]
[Date "1997.??.??"]
[Round "?"]
[White "Helgason, Reynir"]
[Black "Winants, Luc"]
[Result "1-0"]
[WhiteElo "2335"]
[BlackElo "2495"]
[PlyCount "112"]
[EventDate "1997.??.??"]
[EventType "team"]
[EventRounds "9"]
[EventCountry "NED"]
[SourceTitle "EXT 2007"]
[Source "ChessBase"]
[SourceDate "2006.11.23"]
[SourceVersion "1"]
[SourceVersionDate "2006.11.23"]
[SourceQuality "1"]

1. d4 Nf6 2. Nf3 b6 3. g3 Bb7 4. Bg2 c5 5. c3 e6 6. 0-0 Be7 7. Nbd2 0-0 8. Re1 Nc6 9. Nc4 cxd4 10. cxd4 Rc8 11. Bg5 d6 12. Bxf6 Bxf6 13. Rc1 b5 14. Ne3 d5 15. Ng4 Be7 16. Nge5 Na5 17. Rxc8 Qxc8 18. Qa1 Nc4 19. Rc1 Qd8 20. Nd3 b4 21. e3 f6 22. Bf1 a5 23. Nf4 Qd7 24. Bh3 f5 25. Bf1 Bd6 26. Nd3 Qe7 27. h3 a4 28. b3 axb3 29. axb3 Ra8 30. Qb1 Na3 31. Qb2 Nb5 32. Nde5 Nc3 33. Ra1 Qd8 34. h4 h6 35. h5 Ne4 36. Be2 Ra3 37. Ne1 Nc3 38. Bf3 Rxa1 39. Qxa1 Bxe5 40. dxe5 Qb8 41. Qa5 Qxe5 42. Qd8+ Kh7 43. Nd3 Qf6 44. Qb8 Bc6 45. Nf4 Qf7 46. Qxb4 Nb5 47. Ng6 Be8 48. Be2 Na7 49. Qc5 Nc6 50. Qd6 f4 51. gxf4 Qf5 52. Nf8+ Kg8 53. Qxe6+ Qxe6 54. Nxe6 Kf7 55. Nc5 d4 56. Bf3 dxe3 1-0

[Event "SWE-chT 9596"]
[Site "Sweden"]
[Date "1996.??.??"]
[Round "?"]
[White "Bergstrom, Magnus"]
[Black "Helgason, Reynir"]
[Result "0-1"]
[WhiteElo "2285"]
[BlackElo "2335"]
[PlyCount "82"]
[EventDate "1995.??.??"]
[EventType "team"]
[EventRounds "9"]
[EventCountry "SWE"]
[SourceTitle "EXT 1998"]
[Source "ChessBase"]
[SourceDate "1997.11.17"]
[SourceVersion "1"]
[SourceVersionDate "1997.11.17"]
[SourceQuality "1"]

1. c4 e5 2. Nc3 Nf6 3. Nf3 Nc6 4. e3 Bb4 5. Qc2 0-0 6. Nd5 Re8 7. Qf5 d6 8. Nxf6+ Qxf6 9. Qxf6 gxf6 10. a3 Bc5 11. b4 Bb6 12. d3 a5 13. b5 Ne7 14. Bb2 a4 15. Be2 Ba5+ 16. Kf1 c6 17. bxc6 bxc6 18. Bd1 Be6 19. Ke2 Reb8 20. Bc1 d5 21. c5 Bc3 22. Ra2 d4 23. Rc2 Bb3 24. Nd2 Nd5 25. Nc4 Rb5 26. e4 Nc7 27. g4 Rxc5 28. g5 f5 29. Kf3 Rxc4 30. dxc4 Bxc4 31. Rg1 Bd3 32. Re2 Bxe2+ 33. Bxe2 f4 34. Bc4 Kg7 35. Kg4 Nb5 36. Bd3 Nd6 37. Rd1 c5 38. Bf1 Nxe4 39. Bg2 Nxf2+ 40. Kf5 Nxd1 41. Bxa8 d3 0-1

[Event "NED-chT 9697"]
[Site "Netherlands"]
[Date "1996.??.??"]
[Round "?"]
[White "Gelpke, Peter"]
[Black "Helgason, Reynir"]
[Result "1/2-1/2"]
[WhiteElo "2425"]
[BlackElo "2335"]
[PlyCount "121"]
[EventDate "1996.??.??"]
[EventType "team"]
[EventRounds "11"]
[EventCountry "NED"]
[SourceTitle "EXT 2000"]
[Source "ChessBase"]
[SourceDate "1999.11.16"]
[SourceVersion "1"]
[SourceVersionDate "1999.11.16"]
[SourceQuality "1"]

1. d4 Nf6 2. c4 e6 3. Nf3 c5 4. d5 exd5 5. cxd5 Bd6 6. Nc3 0-0 7. e3 Bc7 8. Bd3 d6 9. h3 a6 10. a4 Nbd7 11. 0-0 Re8 12. b3 Rb8 13. Bb2 Nf8 14. Qc2 Bd7 15. e4 Ng6 16. Rfe1 Ba5 17. Bf1 b5 18. axb5 axb5 19. Nd2 h5 20. Qd1 h4 21. Ra2 Bb4 22. Re3 Re7 23. Ncb1 Ra8 24. Rxa8 Qxa8 25. Nc3 Qa5 26. Qa1 Qxa1 27. Bxa1 Re8 28. Bb2 Nh5 29. Nf3 Bxc3 30. Bxc3 Nhf4 31. Re1 b4 32. Bb2 f5 33. Ng5 fxe4 34. Rxe4 Rxe4 35. Nxe4 Nxd5 36. Bc4 Nge7 37. Nxd6 Be6 38. Ne4 Nf4 39. Nxc5 Bxc4 40. bxc4 Nc6 41. Nb3 Nd3 42. Ba1 Kf7 43. Kf1 Nf4 44. Nd2 g5 45. Ne4 Kg6 46. Bf6 Kf5 47. f3 b3 48. Bc3 Nd3 49. Nd2 b2 50. Ke2 Nce5 51. Ke3 Nf4 52. Bxb2 Nxg2+ 53. Kf2 Nf4 54. Bxe5 Kxe5 55. Ne4 Nxh3+ 56. Ke3 Kf5 57. c5 Nf4 58. c6 h3 59. c7 Nd5+ 60. Kf2 Nxc7 61. Kg3 1/2-1/2

[Event "NED-chT 9697"]
[Site "Netherlands"]
[Date "1996.??.??"]
[Round "?"]
[White "Helgason, Reynir"]
[Black "Bosboom, Manuel"]
[Result "1/2-1/2"]
[WhiteElo "2335"]
[BlackElo "2425"]
[PlyCount "32"]
[EventDate "1996.??.??"]
[EventType "team"]
[EventRounds "11"]
[EventCountry "NED"]
[SourceTitle "EXT 2000"]
[Source "ChessBase"]
[SourceDate "1999.11.16"]
[SourceVersion "1"]
[SourceVersionDate "1999.11.16"]
[SourceQuality "1"]

1. d4 Nf6 2. Nf3 g6 3. g3 Bg7 4. Bg2 0-0 5. 0-0 d6 6. c4 Nbd7 7. Nc3 e5 8. e4 c6 9. b3 exd4 10. Nxd4 Nc5 11. h3 Re8 12. Re1 a5 13. Bf4 Nh5 14. Be3 Nf6 15. Bf4 Nh5 16. Be3 Nf6 1/2-1/2

[Event "SWE-chT 9596"]
[Site "Sweden"]
[Date "1996.??.??"]
[Round "?"]
[White "Thornert, Hakan"]
[Black "Helgason, Reynir"]
[Result "0-1"]
[WhiteElo "2215"]
[BlackElo "2335"]
[PlyCount "80"]
[EventDate "1995.??.??"]
[EventType "team"]
[EventRounds "9"]
[EventCountry "SWE"]
[SourceTitle "EXT 1998"]
[Source "ChessBase"]
[SourceDate "1997.11.17"]
[SourceVersion "1"]
[SourceVersionDate "1997.11.17"]
[SourceQuality "1"]

1. e4 d5 2. exd5 Qxd5 3. Nc3 Qa5 4. d4 Nf6 5. Bc4 c6 6. Bd2 Bf5 7. Qf3 Bg4 8. Qg3 Qd8 9. h3 Bh5 10. Qe3 b5 11. Bb3 a5 12. a4 b4 13. Nce2 Bxe2 14. Nxe2 e6 15. 0-0 Bd6 16. c4 bxc3 17. bxc3 0-0 18. Qf3 Qc8 19. Ng3 Nbd7 20. Bc2 c5 21. Rfc1 Rb8 22. Bg5 cxd4 23. cxd4 Qb7 24. Qd3 g6 25. Ne2 Nd5 26. Rab1 Bb4 27. Qf3 N7b6 28. Be4 Nxa4 29. Bh6 Rfc8 30. Rxc8+ Rxc8 31. Rxb4 Qxb4 32. Bxd5 Qb1+ 33. Kh2 Qf5 34. Qxf5 gxf5 35. Bb3 Nc3 36. Nxc3 Rxc3 37. Bd1 Rd3 38. Bc2 Rxd4 39. Be3 Rb4 40. Kg3 a4 0-1